000 00625nam a2200241Ia 4500
003 OSt
005 20220918220542.0
006 a|||||r|||| 00| 0
007 ta
008 220917b |||||||| |||| 00| 0 eng d
024 _a146,391
037 _cTextual
040 _aARTS
_cARTS
_beng
041 _2eng
_aeng
082 _aYZ, L3
100 _aKahn Alfred J Ed
_9137049
245 0 _aShaping the new social work
260 _aNew York
_bColumbia University Press
_c1973
300 _aix, 221p.
_ccm.
650 _aSOCIOLOGY
942 _hYZ, L3
_cTEXL
_2CC
999 _c269147
_d269147